000 00491nam a22001937a 4500
003 MPLRDC
005 20220104194048.0
008 210129b ||||| |||| 00| 0 eng d
020 _a978-986-359-017-0
082 _a563.53 WZJ
100 _a王志钧
245 _a股票这样买才会赚
_c
250 _a二版
260 _a台湾
_b木马文化事业股份有限公司
_c2014
300 _b
490 _a富足人生: 03
650 _a股票投资
942 _cBK
_o563.53 WZJ
999 _c65497
_d65487